Normal view
MARC view
Entry Topical Term
001 - CONTROL NUMBER
- control field: 8830
003 - CONTROL NUMBER IDENTIFIER
- control field: BD-RjUL
005 - DATE AND TIME OF LATEST TRANSACTION
- control field: 20230907151417.0
008 - FIXED-LENGTH DATA ELEMENTS
- fixed length control field: 230907|| aca||aabn | a|a d
040 ## - CATALOGING SOURCE
- Original cataloging agency: BD-RjUL
- Transcribing agency: BD-RjUL
150 ## - HEADING--TOPICAL TERM
- Topical term or geographic name entry element: History
- Form subdivision: History and Criticism
- Geographic subdivision: Rangpur Zamindars
670 ## - SOURCE DATA FOUND
- Source citation: Work cat.: (BD-RjUL)81864: Maniruzzaman, Muhammad 8826, Zamindars of Bengal :, 1996